[Event "LTU-chT"]
[Site "Lithuania"]
[Date "2023.04.21"]
[Round "4.2"]
[White "Zozulia, Alexandr"]
[Black "Novik, Maxim"]
[Result "1/2-1/2"]
[WhiteElo "2063"]
[BlackElo "2432"]
[PlyCount "64"]
[EventDate "2023.03.04"]
[EventType "team"]
[EventRounds "7"]
[EventCountry "LTU"]
[SourceTitle "EXT 2024"]
[Source "ChessBase"]
[SourceDate "2023.10.10"]
[SourceVersion "1"]
[SourceVersionDate "2023.10.10"]
[SourceQuality "1"]
[WhiteTeam "Vilnius 1482"]
[BlackTeam "Panevezio Gigant"]
[WhiteTeamCountry "LTU"]
[BlackTeamCountry "LTU"]

1. e4 c6 2. d4 d5 3. e5 Bf5 4. Bd3 Bxd3 5. Qxd3 Qa5+ 6. c3 Qa6 7. Qxa6 Nxa6 8. e6 fxe6 9. Nf3 e5 10. Nxe5 e6 11. Nd2 Nf6 12. Ndf3 Bd6 13. 0-0 0-0 14. Bf4 Rad8 15. Bg3 Ne4 16. Rfe1 Nc7 17. Re2 Ne8 18. Nd2 N8f6 19. Nxe4 Nxe4 20. f3 Nxg3 21. hxg3 g5 22. Kf2 c5 23. Nd3 c4 24. Ne5 Kg7 25. Rh1 Rf6 26. Ng4 Rg6 27. Ne5 Bxe5 28. Rxe5 Rd6 29. g4 Ra6 30. a3 Rb6 31. Re2 Rf6 32. Ke1 h6 1/2-1/2